000
00342nam a2200121Ia 4500
003
GCL
008
140319s9999 xx 000 0 ara d
040
_a
GCL /
_c
GCL
082
0
4
_a
ط
_b
813.02
_b
ع م
245
1
0
_a
القط يحب الغناء
260
_a
[S.N] :
_b
دار المستقبل العربى
490
_a
حكايات عدلى رزق
_v
0
999
_c
34859
_d
34859